Integreted circuits-II: lab manual (Record no. 166428)

000 -LEADER
fixed length control field 00316nam a2200121Ia 4500
008 - FIXED-LENGTH DATA ELEMENTS--GENERAL INFORMATION
fixed length control field 220217s9999||||xx |||||||||||||| ||und||
082 ## - DEWEY DECIMAL CLASSIFICATION NUMBER
Classification number 621.381
100 ## - MAIN ENTRY--PERSONAL NAME
Personal name Pooja publications
245 #0 - TITLE STATEMENT
Title Integreted circuits-II: lab manual
260 ## - PUBLICATION, DISTRIBUTION, ETC.
Place of publication, distribution, etc. Pooja publications
Name of publisher, distributor, etc. Bangalore
300 ## - PHYSICAL DESCRIPTION
Other physical details 25
650 ## - SUBJECT ADDED ENTRY--TOPICAL TERM
Topical term or geographic name entry element CIRCUITRY
Holdings
Withdrawn status Lost status Damaged status Not for loan Collection code Home library Current library Shelving location Date acquired Full call number Barcode Date last seen Price effective from Koha item type
        Electronics and Communication Engineering Central Library Central Library Book Cart 02/18/2022 621.381 1617 10/15/2022 02/18/2022 Books

Powered by Koha